| 000 -LEADER |
| fixed length control field |
00766nam a22001937a 4500 |
| 005 - DATE AND TIME OF LATEST TRANSACTION |
| control field |
20231024100259.0 |
| 008 - FIXED-LENGTH DATA ELEMENTS--GENERAL INFORMATION |
| fixed length control field |
231024s1993 ru ||||| |||| 00| 0 rus d |
| 020 ## - INTERNATIONAL STANDARD BOOK NUMBER |
| International Standard Book Number |
5511004901 |
| 041 ## - LANGUAGE CODE |
| Language code of text/sound track or separate title |
rus |
| 080 ## - UNIVERSAL DECIMAL CLASSIFICATION NUMBER |
| Universal Decimal Classification number |
821.124.09 Ц-43 |
| 100 ## - MAIN ENTRY--PERSONAL NAME |
| Personal name |
Церетели, Г.Ф. |
| 9 (RLIN) |
20198 |
| 245 ## - TITLE STATEMENT |
| Title |
Труды по истории античной литературы / |
| Statement of responsibility, etc. |
Г. Церетели; Ред. А. В. Урушадзе. |
| 264 ## - PRODUCTION, PUBLICATION, DISTRIBUTION, MANUFACTURE, AND COPYRIGHT NOTICE |
| Place of production, publication, distribution, manufacture |
Тбилиси : |
| Name of producer, publisher, distributor, manufacturer |
Изд-во Тбил. ун-та, |
| Date of production, publication, distribution, manufacture, or copyright notice |
1993. |
| 300 ## - PHYSICAL DESCRIPTION |
| Extent |
320 с. ; |
| Other physical details |
22 см. |
| 653 ## - INDEX TERM--UNCONTROLLED |
| keyword |
ანტიკური ლიტერატურა |
| 653 ## - INDEX TERM--UNCONTROLLED |
| keyword |
ისტორია და კრიტიკა. |
| 700 ## - ADDED ENTRY--PERSONAL NAME |
| Personal name |
Урушадзе, А. В. |
| Relator term |
რედაქტორი |
| 9 (RLIN) |
20199 |
| 942 ## - ADDED ENTRY ELEMENTS (KOHA) |
| Source of classification or shelving scheme |
|
| Koha item type |
წიგნი |